Poda e injerto de frutales / (Record no. 36126)

MARC details
000 -LEADER
campo de control de longitud fija 00828nam a2200241 i 4500
001 - NÚMERO DE CONTROL
campo de control 36126
003 - IDENTIFICADOR DE NÚMERO DE CONTROL
campo de control ES-MaACL
005 - FECHA Y HORA DE LA ÚLTIMA TRANSACCIÓN
campo de control 20230906155316.0
007 - CAMPO FIJO DE DESCRIPCIÓN FÍSICA--INFORMACIÓN GENERAL
campo de control de longitud fija t|
008 - DATOS DE LONGITUD FIJA--INFORMACIÓN GENERAL
campo de control de longitud fija 030217s1984 sp ||||1| spa d
020 ## - NÚMERO INTERNACIONAL ESTÁNDAR DEL LIBRO
Número Internacional Estándar del Libro 84-7114-068-3
100 1# - ENTRADA PRINCIPAL--NOMBRE DE PERSONA
Nombre de persona Bretaudeau, Jean.
9 (RLIN) 31619
245 10 - MENCIÓN DEL TÍTULO
Título Poda e injerto de frutales /
Mención de responsabilidad, etc. Jean Bretaudeau ; versión española de Vicente Sotés Ruiz, Manuel Vázquez Prada Grande y Elisa Boix Aristu.
250 ## - MENCION DE EDICION
Mención de edición 1ª ed.
260 ## - PUBLICACIÓN, DISTRIBUCIÓN, ETC.
Lugar de publicación, distribución, etc. Madrid :
Nombre del editor, distribuidor, etc. Mundi-Prensa,
Fecha de publicación, distribución, etc. 1984.
300 ## - DESCRIPCIÓN FÍSICA
Extensión 111 p. :
Otras características físicas il. ;
Dimensiones 22 cm.
650 #4 - PUNTO DE ACCESO ADICIONAL DE MATERIA--TÉRMINO DE MATERIA
Término de materia o nombre geográfico como elemento de entrada Árboles frutales-
Subdivisión general Poda.
9 (RLIN) 153655
650 #4 - PUNTO DE ACCESO ADICIONAL DE MATERIA--TÉRMINO DE MATERIA
Término de materia o nombre geográfico como elemento de entrada Árboles frutales-
Subdivisión general Injertos.
9 (RLIN) 153656
700 1# - ENTRADA AGREGADA--NOMBRE PERSONAL
Nombre de persona Sotés Ruiz, Vicente.
9 (RLIN) 107468
700 1# - ENTRADA AGREGADA--NOMBRE PERSONAL
Nombre de persona Vázquez-Prada Grande, Manuel.
9 (RLIN) 113474
700 1# - ENTRADA AGREGADA--NOMBRE PERSONAL
Nombre de persona Boix Aristu, Elisa.
9 (RLIN) 29901
852 ## - LOCALIZACIÓN
Ubicación ES-MaACL
Número de control de estantería L-11047
Sublocalización o colección R.112788
Holdings
Estatus retirado Estado de pérdida Estado de daño No para préstamo Biblioteca de origen Biblioteca actual Ubicación en estantería Fecha de adquisición Fuente de adquisición Total de préstamos Signatura topográfica completa Código de barras Visto por última vez Precio de reemplazo Tipo de ítem Koha
        Biblioteca del Ateneo de Madrid Biblioteca del Ateneo de Madrid Depósito 2 17/01/2008     L-11047 1037915 23/02/2023 23/02/2023 Libro impreso